000
00270nam a22001217a 4500
082
_a
823
_b
BRO/S
100
_a
BROWN, MARGARET WISE
245
_a
THE SAILOR DOG
260
_a
NEW YORK
_b
GOLDEN
_c
1981
300
_a
20
650
_a
ENGLISH STORY
_z
UNITED STATES
942
_c
BK
999
_c
7430
_d
7430